Γενική μετεωρολογία
Αποθηκεύτηκε σε:
| Κύριος συγγραφέας: | |
|---|---|
| Άλλοι συγγραφείς: | |
| Μορφή: | Βιβλίο |
| Γλώσσα: | Greek |
| Δημοσίευση: |
Θεσσαλονίκη :
Ζήτης,
1998
|
| Θέματα: | |
| Ετικέτες: |
Προσθήκη ετικέτας
Δεν υπάρχουν, Καταχωρήστε ετικέτα πρώτοι!
|
MARC
| LEADER | 00000nam a2200000 i 4500 | ||
|---|---|---|---|
| 001 | 1/75933 | ||
| 008 | 080226s1998 gre d | ||
| 020 | |a 960-431-443-2 | ||
| 035 | |l 10095048 | ||
| 040 | |a GR-MY-UA |b gre |e aacr | ||
| 041 | 0 | |a gre | |
| 082 | 0 | |a 551.5 |2 (22) | |
| 100 | 1 | |a Σαχσαμάνογλου, Χαράλαμπος Σ. | |
| 245 | 1 | 0 | |a Γενική μετεωρολογία / |c Χ.Σ. Σαχσαμάνογλου, Τ.Ι.Μακρογιάννης |
| 260 | |a Θεσσαλονίκη : |b Ζήτης, |c 1998 | ||
| 300 | |a 367 σ.; |b πίν., διαγρ.; |c 24 εκ. | ||
| 504 | |a Βιβλιογραφία: σ. [365]-367 | ||
| 650 | 0 | 0 | |a Meteorology. |
| 650 | 0 | 0 | |a Weather. |
| 650 | 0 | 0 | |a Atmospheric physics. |
| 650 | 0 | 0 | |a Climatology. |
| 650 | 0 | 0 | |a Atmosphere. |
| 700 | 1 | |a Μακρογιάννης, Τιμολέων Ι., |d 1941- | |
| 852 | |a INST |b LESVOS |e 20080226 |h 551.5 ΣΑΧ |p 005100040637 |q 005100040637 |t BK |y 0 | ||
| 852 | |a INST |b LESVOS |c EUDOXUS |e 20140113 |h 551.5 ΣΑΧ |p 005100053720 |q 005100053720 |t EDX |y 0 | ||
| 852 | |a INST |b LESVOS |c EUDOXUS |e 20140113 |h 551.5 ΣΑΧ |p 005100053721 |q 005100053721 |t EDX |y 0 | ||
| 901 | |a BIBL1-2008-1 | ||
| 901 | |a BIBL1-2013-3 | ||
| 909 | |a Λ |b 142028 | ||
| 909 | |a Λ |b 186422 | ||
| 920 | |a ΕΥΔΟΞΟΣ |b ΠΑΡΑΓΓΕΛΙΑ |y ΛΕΣΒΟΣ-ΤΕΘ |z 2013-12 | ||
| 922 | |a 1ΕΛΗ |b 200711 |c ΕΠΕΑΕΚ2/ΤΠ |d Σ. ΠΑΤΑΚΗΣ | ||
| 970 | |a ΧΑΤΖΗΜΙΧΑΗΛ |b ΜΑΡΙΑ |z 2008/02/26 | ||